Catálogo público

Evaluación del desarrollo vegetativo y contenido nutrimental en el cultivo de Pitahaya, bajo la aplicación de vermicompost y fertirriego/ (Record no. 220654)

MARC details
000 -CABECERA
campo de control de longitud fija 02538nam a2200349 a 4500
003 - IDENTIFICADOR DEL NÚMERO DE CONTROL
campo de control OSt
005 - FECHA Y HORA DE LA ÚLTIMA TRANSACCIÓN
campo de control 20250701114948.0
007 - CAMPO FIJO DE DESCRIPCIÓN FÍSICA--INFORMACIÓN GENERAL
campo de control de longitud fija cr ||||||a|a|a
008 - DATOS DE LONGITUD FIJA--INFORMACIÓN GENERAL
campo de control de longitud fija 250619s2025 mx a|||fom||| 001 0 spa d
040 ## - FUENTE DE LA CATALOGACIÓN
Normas de descripción rda
100 1# - ENTRADA PRINCIPAL--NOMBRE DE PERSONA
Nombre de persona Caballero Sánchez, Irving
9 (RLIN) 190495
245 10 - MENCIÓN DE TÍTULO
Título Evaluación del desarrollo vegetativo y contenido nutrimental en el cultivo de Pitahaya, bajo la aplicación de vermicompost y fertirriego/
Mención de responsabilidad, etc. por Irving Caballero Sánchez; director de tesis Joel Pineda Pineda; secretario r. José Amando Ramírez Arias; vocal Natanael Magaña Lira; suplente Domingo Montalvo Hernández; suplente Ignacio Miranda Velázquez.
264 #1 - PRODUCCIÓN, PUBLICACIÓN, DISTRIBUCIÓN, FABRICACIÓN Y COPYRIGHT
Producción, publicación, distribución, fabricación y copyright Chapingo, México :
Nombre del de productor, editor, distribuidor, fabricante El autor,
Fecha de producción, publicación, distribución, fabricación o copyright 2024.
300 ## - DESCRIPCIÓN FÍSICA
Extensión 1 recurso en línea (90 páginas):
Otras características físicas cuadros, figuras.
336 ## - TIPO DE CONTENIDO
Fuente rdacontent
Término de tipo de contenido texto
Código de tipo de contenido txt
337 ## - TIPO DE MEDIO
Fuente rdamedia
Nombre/término del tipo de medio computadora
Código del tipo de medio c
338 ## - TIPO DE SOPORTE
Fuente rdacarrier
Nombre/término del tipo de soporte recurso en línea
Código del tipo de soporte cr
502 ## - NOTA DE TESIS
Tipo de título Licenciatura en Agronomía en Horticultura Protegida
Nombre de la institución que otorga el título Departamento de Enseñanza, Investigación y Servicio en Fitotecnia,
Año de obtención del título 2024.
Información miscelánea Licenciatura
504 ## - NOTA DE BIBLIOGRAFÍA, ETC.
Nota de bibliografía, etc. Incluye referencias bibliográficas: páginas 79-86.
520 ## - SUMARIO, ETC.
Sumario, etc. La investigación evaluó el desarrollo vegetativo y el contenido nutrimental en Hylocereus undatus durante los primeros ocho meses de cultivo, utilizando vermicompost y fertiriego como tratamientos de fertilización en un diseño experimental de bloques completos al azar. Los resultados indicaron que el fertirriego promovió un crecimiento superior en comparación con la fertilización orgánica con vermicompost y el contenido nutrimental en los cladodios varió según la fuente y dosis de fertilización. A los 240 días, la acumulación de nutrientes en el tallo siguió el orden: K > Ca > N > Mg > P > S. Se concluye que el fertiriego fue el mejor tratamiento, aunque el vermicompost también mostró ser una fuente efectiva de fertilización, lo que indica la necesidad de futuras evaluaciones de dosis de fertilización orgánica y evaluación de la viabilidad económica.
650 #4 - PUNTO DE ACCESO ADICIONAL DE MATERIA--TÉRMINO DE MATERIA
Término de materia o nombre geográfico como elemento de entrada Pitahaya
Subdivisión general Cultivo
9 (RLIN) 185839
650 #4 - PUNTO DE ACCESO ADICIONAL DE MATERIA--TÉRMINO DE MATERIA
Término de materia o nombre geográfico como elemento de entrada Fertilizantes
Subdivisión general Análisis
9 (RLIN) 40449
650 #4 - PUNTO DE ACCESO ADICIONAL DE MATERIA--TÉRMINO DE MATERIA
Término de materia o nombre geográfico como elemento de entrada Vermicompost
Subdivisión general Aplicación
9 (RLIN) 134024
650 #4 - PUNTO DE ACCESO ADICIONAL DE MATERIA--TÉRMINO DE MATERIA
Término de materia o nombre geográfico como elemento de entrada Fertirrigación
9 (RLIN) 40652
700 1# - PUNTO DE ACCESO ADICIONAL--NOMBRE DE PERSONA
Nombre de persona Pineda Pineda, Joel
Término indicativo de función/relación director de tesis.
9 (RLIN) 88172
700 1# - PUNTO DE ACCESO ADICIONAL--NOMBRE DE PERSONA
Nombre de persona Ramírez Arias, Armando
9 (RLIN) 93873
Término indicativo de función/relación secretario.
700 1# - PUNTO DE ACCESO ADICIONAL--NOMBRE DE PERSONA
Nombre de persona Magaña Lira, Natanael
9 (RLIN) 69794
Término indicativo de función/relación vocal.
700 1# - PUNTO DE ACCESO ADICIONAL--NOMBRE DE PERSONA
Nombre de persona Montalvo Hernández, Domingo
9 (RLIN) 77714
Término indicativo de función/relación suplente.
700 1# - PUNTO DE ACCESO ADICIONAL--NOMBRE DE PERSONA
Nombre de persona Miranda Velázquez, Ignacio
Término indicativo de función/relación suplente.
9 (RLIN) 76118
856 ## - LOCALIZACIÓN Y ACCESO ELECTRÓNICOS
Identificador Uniforme del Recurso http://10.13.5.2/tesis/tl/1710289-4_CABALLERO_SANCHEZ_IRVING.pdf
Nota pública DESCARGAR PDF
942 ## - ELEMENTOS DE PUNTO DE ACCESO ADICIONAL (KOHA)
Fuente del sistema de clasificación o colocación Clasificación Universidad Autónoma Chapingo
Tipo de ítem Koha Tesis digital
Holdings
Estado de retiro Estado de pérdida Fuente del sistema de clasificación o colocación Estado dañado Restricciones de uso No para préstamo Código de colección Localización permanente Ubicación/localización actual Ubicación en estantería Fecha de adquisición Total de préstamos Signatura topográfica completa Fecha visto por última vez Precio válido a partir de Tipo de ítem Koha
    Clasificación Universidad Autónoma de Chapingo   Préstamo interno   Tesis digitales de Licenciatura Biblioteca Digital Biblioteca Digital En línea 19/06/2025   Tesis digital 19/06/2025 19/06/2025 Tesis digital